Analysis and improvement of plant cold hardiness. (Record no. 37030)

MARC details
000 -LEADER
fixed length control field 00378nam a2200133Ia 4500
082 ## - DEWEY DECIMAL CLASSIFICATION NUMBER
Classification number 581.2:58.036.5
Item number OLI
100 ## - MAIN ENTRY--AUTHOR NAME
Personal name OLIEN, Charles Robert
245 #0 - TITLE STATEMENT
Title Analysis and improvement of plant cold hardiness.
260 ## - PUBLICATION, DISTRIBUTION, ETC. (IMPRINT)
Place of publication Florida
Name of publisher CRC Press
Year of publication 1981
650 ## - SUBJECT ADDED ENTRY--TOPICAL TERM
Topical Term Plant cold hardiness
700 ## - ADDED ENTRY--PERSONAL NAME
Personal name SMITH, Myrtle N
942 ## - ADDED ENTRY ELEMENTS (KOHA)
Koha item type Books
Holdings
Withdrawn status Lost status Damaged status Not for loan Home library Current library Date acquired Full call number Accession Number Koha item type
        RRII Library RRII Library 16/12/2021 581.2:58.036.5 OLI 17422 Books